Managerial economics

Guardat en:
Dades bibliogràfiques
Autor principal: Hague, D. C.
Format: Llibre
Idioma:Undetermined
Publicat: New York Longman 1969
Matèries:
Etiquetes: Afegir etiqueta
Sense etiquetes, Sigues el primer a etiquetar aquest registre!
Thư viện lưu trữ: Trung tâm Học liệu Trường Đại học Cần Thơ
LEADER 00454nam a2200181Ia 4500
001 CTU_87022
008 210402s9999 xx 000 0 und d
082 |a 658.1 
082 |b H147 
100 |a Hague, D. C. 
245 0 |a Managerial economics 
245 0 |c D. C. Hague 
260 |a New York 
260 |b Longman 
260 |c 1969 
650 |a Managerial economics 
904 |i Tuyến 
980 |a Trung tâm Học liệu Trường Đại học Cần Thơ